Komplexní plánování

Enregistré dans:
Détails bibliographiques
Auteur principal: Mervart, Josef
Format: Livre
Langue:tchèque
Publié: Praha Státní nakladatelství technické literatury 1983
Tags: Ajouter un tag
Pas de tags, Soyez le premier à ajouter un tag!

MARC

LEADER 00000nam a2200000 4500
001 c118913
005 20041019155212.7
041 0 |a cze 
044 |a CZ 
245 1 0 |a Komplexní plánování  |c Josef Mervart 
264 1 |a Praha  |b Státní nakladatelství technické literatury  |c 1983 
300 |a 152 s. 
100 1 |a Mervart, Josef